=LDR 00000nam 2200000 4500 =001 INLIS000000000037225 =005 20130612142950 =008 ***********************************Ind** =035 ##$$0010-061300000037225 =041 ##$$a Ind =082 ##$$a 361 =090 ##$$a 361, Sum m =100 ##$$a Sumudiningrat, Gunawan =245 ##$$a Mewujudkan kesejahteraan bangsa, menanggulangi dengan prinsip pemberdayaan masyarakat, Gunawan Sumadiningrat ; editor, Aribowo Sumodiningrat =260 ##$$a 2009 $b jakarta =300 ##$$a xi, 141 hlm, ilus, 25 cm =650 ##$$a Kesejahteraan masyarakat =850 ##$$a NBPNMAT =990 ##$$a 11771177 =990 ##$$a 01201901177